000 00334 a2200157 4500
001 47178
020 _a9788598553269
040 _cAnchieta - Aquarius
100 _aCedraz, Antônio
240 1 0 _a=Xaxado ano 4
_lpor
245 1 0 _a=Xaxado ano 4
300 _a98
362 0 _a2011
650 4 _aLiteratura brasileira
942 _cBK
999 _c47178
_d47178